| 000 | 01115nac a22002411u 4500 | ||
|---|---|---|---|
| 008 | 110711s2003 ii|||||r|||| 001 0 eng d | ||
| 010 | _a96026565 | ||
| 020 | _a8120313801 | ||
| 020 | _a9788120313804 | ||
| 082 | 0 | 0 |
_a005.44 _bSIN |
| 100 |
_aSinha, Pradeep K. _926264 |
||
| 245 | 1 | 0 |
_aDistributed Operating Systems : _bConcepts and Design / _cPradeep K. Sinha. |
| 260 |
_aNew Delhi : _bPrentice Hall of India, 2003 _c2003 |
||
| 300 |
_axix, 743 p. : _bill. ; _c25 cm. |
||
| 504 | _aIncludes bibliographical references (p. 725-730) and index. | ||
| 650 | 0 |
_aDistributed operating systems (Computers) _926265 |
|
| 653 | _bCS | ||
| 856 | 4 | 2 |
_3Contributor biographical information _uhttp://www.loc.gov/catdir/bios/wiley043/96026565.html |
| 856 | 4 | 2 |
_3Publisher description _uhttp://www.loc.gov/catdir/description/wiley036/96026565.html |
| 856 | 4 | 2 |
_3Table of Contents _uhttp://www.loc.gov/catdir/toc/onix07/96026565.html |
| 942 |
_cBB _k005.44 SIN _2ddc |
||
| 999 |
_c577 _d577 |
||